[Event "Scalea Riviera dei Cedri 1st"]
[Site "Scalea"]
[Date "2006.09.16"]
[Round "4"]
[White "Armentano, Alessio"]
[Black "Vannelli, Vittorio"]
[Result "1-0"]
[WhiteElo "2087"]
[BlackElo "1924"]
[PlyCount "67"]
[EventDate "2006.09.14"]
[EventType "swiss"]
[EventRounds "7"]
[EventCountry "ITA"]
[SourceTitle "EXT 2024"]
[Source "ChessBase"]
[SourceDate "2023.10.10"]
[SourceVersion "1"]
[SourceVersionDate "2023.10.10"]
[SourceQuality "1"]

1. e4 c5 2. Nc3 g6 3. g3 Bg7 4. Bg2 e6 5. d3 Ne7 6. f4 Nbc6 7. Nf3 Rb8 8. 0-0 b5 9. g4 b4 10. Ne2 d5 11. Ng3 Bb7 12. Qe1 0-0 13. f5 dxe4 14. dxe4 Ba6 15. Rf2 Nd4 16. Kh1 exf5 17. exf5 Nd5 18. Qd1 Re8 19. Bg5 Qd7 20. Qd2 Bb7 21. f6 Bxf6 22. Bxf6 Nxf6 23. Nxd4 Nxg4 24. Nf3 Nxf2+ 25. Qxf2 Qg4 26. Rf1 Rbc8 27. Ne5 Bxg2+ 28. Kxg2 Qe6 29. Qxf7+ Qxf7 30. Nxf7 Rc7 31. Ng5 Rd7 32. N5e4 Kg7 33. Kh3 c4 34. Nf6 1-0

[Event "Croce di Magara op"]
[Site "Camigliatello"]
[Date "2005.09.18"]
[Round "7"]
[White "Armentano, Alessio"]
[Black "Ljubisavljevic, Zivojin Z"]
[Result "0-1"]
[WhiteElo "2092"]
[BlackElo "2261"]
[PlyCount "86"]
[EventDate "2005.09.10"]
[EventType "swiss"]
[EventRounds "9"]
[EventCountry "ITA"]
[SourceTitle "EXT 2007"]
[Source "ChessBase"]
[SourceDate "2006.11.23"]
[SourceVersion "1"]
[SourceVersionDate "2006.11.23"]
[SourceQuality "1"]

1. e4 Nf6 2. Nc3 d5 3. exd5 Nxd5 4. Bc4 e6 5. Nf3 Nb6 6. Be2 c5 7. d4 Be7 8. dxc5 Qxd1+ 9. Bxd1 Bxc5 10. Ne4 Be7 11. 0-0 Nc6 12. c3 e5 13. Bb3 f6 14. Be3 Bf5 15. Nc5 Bxc5 16. Bxc5 Nd7 17. Be3 Ke7 18. Nh4 Be6 19. Bxe6 Kxe6 20. Rad1 Rhd8 21. Nf3 b6 22. Rd2 Nc5 23. Bxc5 bxc5 24. Rfd1 Rxd2 25. Rxd2 e4 26. Ne1 f5 27. Kf1 Ne5 28. b3 g5 29. c4 a5 30. Ke2 a4 31. f3 axb3 32. axb3 Ra3 33. Rb2 Nc6 34. Nc2 Nd4+ 35. Nxd4+ cxd4 36. b4 Re3+ 37. Kf2 Rc3 38. b5 Kd7 39. Ke2 e3 40. c5 f4 41. c6+ Kc8 42. b6 d3+ 43. Kd1 Rxc6 0-1

[Event "Croce di Magara op"]
[Site "Camigliatello"]
[Date "2005.09.18"]
[Round "8"]
[White "Rametta, Marcello"]
[Black "Armentano, Alessio"]
[Result "0-1"]
[WhiteElo "1762"]
[BlackElo "2092"]
[PlyCount "70"]
[EventDate "2005.09.10"]
[EventType "swiss"]
[EventRounds "9"]
[EventCountry "ITA"]
[SourceTitle "EXT 2007"]
[Source "ChessBase"]
[SourceDate "2006.11.23"]
[SourceVersion "1"]
[SourceVersionDate "2006.11.23"]
[SourceQuality "1"]

1. e4 c5 2. Nf3 d6 3. Be2 Nf6 4. Nc3 Nc6 5. h3 a6 6. d3 e6 7. a3 d5 8. exd5 exd5 9. 0-0 Bd6 10. Bg5 Be6 11. Re1 0-0 12. Nh2 h6 13. Bh4 Qc7 14. Ng4 Bxg4 15. Bxg4 g5 16. Qf3 Kg7 17. Bg3 Bxg3 18. fxg3 Rad8 19. Re2 Nd4 20. Qf2 Nxg4 21. hxg4 Nxe2+ 22. Nxe2 d4 23. Rf1 Qe5 24. Kh2 Rde8 25. Ng1 f6 26. Qf3 Rf7 27. Rf2 Qe3 28. Qf5 Re5 29. Re2 Rxf5 30. Rxe3 Rf2 31. Re2 Rxe2 32. Nxe2 Re7 33. Nc1 Re1 34. Nb3 b6 35. c3 Rb1 0-1

[Event "Croce di Magara op"]
[Site "Camigliatello"]
[Date "2005.09.10"]
[Round "1"]
[White "Piccoli, Vincenzo"]
[Black "Armentano, Alessio"]
[Result "0-1"]
[WhiteElo "1655"]
[BlackElo "2092"]
[PlyCount "50"]
[EventDate "2005.09.10"]
[EventType "swiss"]
[EventRounds "9"]
[EventCountry "ITA"]
[SourceTitle "EXT 2007"]
[Source "ChessBase"]
[SourceDate "2006.11.23"]
[SourceVersion "1"]
[SourceVersionDate "2006.11.23"]
[SourceQuality "1"]

1. d4 f5 2. c4 Nf6 3. Nc3 g6 4. g3 Bg7 5. Bg2 0-0 6. Nf3 d6 7. 0-0 e6 8. Bg5 h6 9. Bd2 Qe8 10. Qc1 Kh7 11. Nh4 g5 12. Nf3 e5 13. dxe5 dxe5 14. h4 e4 15. Nh2 gxh4 16. Bh3 Qh5 17. Kg2 Be6 18. b3 Rg8 19. Bf4 Nbd7 20. Rh1 Qg6 21. Nf1 Nh5 22. e3 Nxf4+ 23. exf4 Qf6 24. Ne3 Qxc3 25. Qxc3 Bxc3 0-1

[Event "Cutro op 10th"]
[Site "Cutro"]
[Date "2004.04.27"]
[Round "5"]
[White "Armentano, Alessio"]
[Black "Cordi, Domenico"]
[Result "1-0"]
[WhiteElo "1991"]
[BlackElo "2059"]
[PlyCount "73"]
[EventDate "2004.04.23"]
[EventType "swiss"]
[EventRounds "9"]
[EventCountry "ITA"]
[SourceTitle "EXT 2007"]
[Source "ChessBase"]
[SourceDate "2006.11.23"]
[SourceVersion "1"]
[SourceVersionDate "2006.11.23"]
[SourceQuality "1"]

1. e4 c5 2. Nc3 d6 3. g3 Nf6 4. Bg2 g6 5. f4 Bg7 6. Nf3 Nc6 7. 0-0 0-0 8. d3 Bg4 9. h3 Bxf3 10. Bxf3 Nd4 11. Bg2 e6 12. Be3 Rb8 13. Rb1 b5 14. Ne2 Nd7 15. c3 Nxe2+ 16. Qxe2 b4 17. c4 Qa5 18. b3 Rbe8 19. g4 d5 20. Kh1 dxe4 21. dxe4 f5 22. e5 fxg4 23. hxg4 g5 24. Be4 Re7 25. Qh2 Bh8 26. Rf3 Qc7 27. Rh3 Rff7 28. Rh5 gxf4 29. Bxf4 Nf8 30. Rg1 Rd7 31. g5 Rxf4 32. Qxf4 Bxe5 33. Qg4 Rd4 34. Qf3 Bg7 35. Bb1 Rf4 36. Qa8 Kf7 37. Bxh7 1-0

[Event "Cutro op-B 08th"]
[Site "Cutro"]
[Date "2002.04.27"]
[Round "4"]
[White "Armentano, Alessio"]
[Black "Sautto, Alessandra"]
[Result "1-0"]
[WhiteElo "1828"]
[BlackElo "1686"]
[PlyCount "69"]
[EventDate "2002.04.24"]
[EventType "swiss"]
[EventRounds "9"]
[EventCountry "ITA"]
[SourceTitle "EXT 2024"]
[Source "ChessBase"]
[SourceDate "2023.10.10"]
[SourceVersion "1"]
[SourceVersionDate "2023.10.10"]
[SourceQuality "1"]

1. e4 e6 2. d4 d5 3. e5 c5 4. c3 Nc6 5. Nf3 Nge7 6. Bd3 Bd7 7. 0-0 cxd4 8. cxd4 Qb6 9. Nc3 Ng6 10. Re1 Be7 11. Rb1 0-0 12. Be3 Nb4 13. Bf1 Nc6 14. g3 Rac8 15. a3 Na5 16. Bh3 Qd8 17. Ne2 Nc4 18. Bc1 Qb6 19. Nc3 Rfd8 20. Qe2 Qc7 21. Nd1 Bb5 22. Qc2 Qd7 23. Nc3 Nb6 24. Qb3 Bc4 25. Qd1 Ba6 26. Ne2 Nc4 27. Nd2 Nxd2 28. Bxd2 Bd3 29. Rc1 Rxc1 30. Bxc1 Ba6 31. Nc3 Rc8 32. Qf3 b6 33. Qe3 Qc6 34. Bd2 Qc4 35. Bf1 1-0